|
|
|
|
| LEADER |
00000nam a2200000Ii 4500 |
| 001 |
DIGUNAU0166 |
| 003 |
NyNyDIG |
| 008 |
200405s2018 ck ob 001 0 spa d |
| 006 |
m o d |
| 007 |
cr ||||||||||| |
| 035 |
|
|
|a (OCoLC)1149330608
|
| 040 |
|
|
|a DGITA
|b eng
|e rda
|e pn
|c DGITA
|
| 020 |
|
|
|z 9789588869889
|
| 020 |
|
|
|z 9588869889
|
| 050 |
1 |
4 |
|a PQ8168 ebook
|
| 082 |
0 |
4 |
|a 860.99861
|
| 100 |
1 |
|
|a Gutiérrez Girardot, Rafael,
|d 1928-2005,
|e author.
|
| 240 |
1 |
0 |
|a Ensayos sobre literatura colombiana.
|n II
|
| 245 |
1 |
0 |
|a Ensayos de literatura colombiana.
|n II /
|c Rafael Gutiérrez Girardot ; edición académica al cuidado de Selnich Vivas Hurtado.
|
| 250 |
|
|
|a Tercera edición corregida.
|
| 264 |
|
1 |
|a Medellín, Colombia :
|b Ediciones UNAULA,
|c [2018]
|
| 300 |
|
|
|a 1 online resource.
|
| 336 |
|
|
|a text
|b txt
|2 rdacontent
|
| 337 |
|
|
|a computer
|b c
|2 rdamedia
|
| 338 |
|
|
|a online resource
|b cr
|2 rdacarrier
|
| 347 |
|
|
|a text file
|2 rdaft
|
| 347 |
|
|
|b PDF
|
| 490 |
1 |
|
|a Serie Tierra baldía
|
| 504 |
|
|
|a Includes bibliographical references and index.
|
| 505 |
0 |
|
|a ¿Fue José Asunción Silva un dandy? -- Julio Flórez : un problema sociológico -- Guillermo Valencia : el Goethe de Popayán -- Barba Jacob y el existencialismo -- El piedracielismo colombiano -- La poesía colombiana a mediados del siglo XX -- León de Greiff : nórdico vate colombiano -- Fernando Arbeláez y Marco Fidel Chaves -- Eduardo Cote Lamus : "Salvación del recuerdo" -- Gaitán Durán: eros y política -- Historia y naturaleza en la poesía de Aurelio Arturo -- Prólogo a la poesía de Fernando Charry Lara -- Poesía y crítica en Fernando Charry Lara -- Sobre una antología de Andrés Holguín -- Sobre el Panorama inédito de Santiago Mutis -- Álvaro Mutis o la retórica del conservadurismo.
|
| 588 |
0 |
|
|a Online resource; title from PDF title page (Digitalia, viewed November 30, 2019)
|
| 650 |
|
0 |
|a Colombian literature
|y 20th century
|x History and criticism.
|
| 655 |
|
0 |
|a Electronic books.
|
| 700 |
1 |
|
|a Vivas, Selnich,
|e editor.
|
| 791 |
2 |
|
|a Digitalia (Firm),
|e distributor.
|
| 793 |
0 |
|
|g Digitalia eBook Collection:
|a Ediciones UNAULA
|
| 776 |
0 |
8 |
|i Print version:
|a Gutiérrez Girardot, Rafael, 1928-2005.
|t Ensayos de literatura colombiana. II.
|b Tercera edición.
|d Medellín, Colombia : Ediciones UNAULA, [2017]
|z 9789588869889
|
| 830 |
|
0 |
|a Tierra baldía.
|
| 856 |
4 |
0 |
|3 Digitalia Hispánica
|u https://www.digitaliapublishing.com/a/59324/
|
| 910 |
|
|
|a Premium collection: 2020
|